| 000 | 01065nam a2200325 i 4500 | ||
|---|---|---|---|
| 001 | 8001 | ||
| 003 | KOSZ 005 | ||
| 005 | 20200124085022.0 | ||
| 008 | 070620s1969 pl a f 000 0 pol | ||
| 015 | _aPB 1969/1798 | ||
| 040 |
_aWA N _cKOSZ 005/RW _dKOSZ 005/RW _dKOSZ 005/HR |
||
| 046 | _k1969 | ||
| 080 | _a696/697 | ||
| 080 | _a728.3 | ||
| 100 | 1 |
_aPiotrowski, Jan _c(inżynier). _eAutor |
|
| 245 | 1 | 0 |
_aInstalacje w domkach jednorodzinnych / _cJ. Piotrowski, A. Lauter. |
| 250 | _aWyd. 2 popr. i uzup. | ||
| 260 |
_aWarszawa : _b"Arkady", _c1969. |
||
| 300 |
_a236 s., [2] k. tabl. : _bil. ; _c24 cm. |
||
| 380 | _aKsiążki. | ||
| 504 | _aBibliogr. s. 236. | ||
| 658 | _aArchitektura i budopwnictwo | ||
| 658 | _aInżynieria i technika | ||
| 650 | 4 | _aInstalacje | |
| 650 | 4 | _aBudownictwo jednorodzinne | |
| 700 | 1 |
_aLauter, Aleksander. _eAutor |
|
| 710 | 2 |
_aWydawnictwo "Arkady". _4pbl. |
|
| 856 |
_uhttp://koha.tu.koszalin.pl/cgi-bin/koha/opac-detail.pl?biblionumber=8001 _yKatalog online BPK |
||
| 942 |
_2UKD _cKS |
||
| 999 |
_c8001 _d8001 |
||